Welcome to the Holygrace Academy Library

Please use search bar below to get started

YOGA BUILDS BONES (Record no. 5472)

MARC details
000 -LEADER
fixed length control field 00367nam a22001457a 4500
020 ## - INTERNATIONAL STANDARD BOOK NUMBER
ISBN 1-931412-05-7
082 ## - DEWEY DECIMAL CLASSIFICATION NUMBER
Classification number 613.7046
Item number MAD/Y
100 ## - MAIN ENTRY--AUTHOR NAME
Personal name MADDERN, JAN
245 ## - TITLE STATEMENT
Title YOGA BUILDS BONES
260 ## - PUBLICATION, DISTRIBUTION, ETC. (IMPRINT)
Place of publication DELHI
Name of publisher JAIN PUBLISHERS
Year of publication 2000
300 ## - PHYSICAL DESCRIPTION
Number of Pages 252
520 ## - SUMMARY, ETC.
Summary, etc EASY GENTLE STRECHES THAT PREVENT OSTEOROPOSIS
650 ## - SUBJECT ADDED ENTRY--TOPICAL TERM
Topical Term HEALTH AND FITNESS
Geographic subdivision INDIA
942 ## - ADDED ENTRY ELEMENTS (KOHA)
Koha item type Books
Holdings
Withdrawn status Lost status Collection code Home library Current library Shelving location Date acquired Source of acquisition Full call number Accession Number Koha item type
    Reference Main Library Main Library   17/05/2011 purchase 613.7046 MAD/Y 02525 Books